Report of the National Commission on Labour Volume II (Record no. 224984)

MARC details
000 -LEADER
fixed length control field 00566nam a22001937a 4500
005 - DATE AND TIME OF LATEST TRANSACTION
control field 20221102144306.0
008 - FIXED-LENGTH DATA ELEMENTS--GENERAL INFORMATION
fixed length control field 221102b ||||| |||| 00| 0 eng d
040 ## - CATALOGING SOURCE
Transcribing agency AL
041 ## - LANGUAGE CODE
Language code of text/sound track or separate title English
082 ## - DEWEY DECIMAL CLASSIFICATION NUMBER
Edition number 23
Classification number 340
Item number INDR
100 ## - MAIN ENTRY--PERSONAL NAME
Personal name Government of India
100 ## - MAIN ENTRY--PERSONAL NAME
9 (RLIN) 60792
245 ## - TITLE STATEMENT
Title Report of the National Commission on Labour Volume II
260 ## - PUBLICATION, DISTRIBUTION, ETC.
Place of publication, distribution, etc. India
Name of publisher, distributor, etc. Ministry of Labour governmnt of India
Date of publication, distribution, etc. 2002
300 ## - PHYSICAL DESCRIPTION
Extent 284 p.
Other physical details PB
Dimensions 28x20 cm.
650 ## - SUBJECT ADDED ENTRY--TOPICAL TERM
Topical term or geographic name entry element Law
9 (RLIN) 60793
650 ## - SUBJECT ADDED ENTRY--TOPICAL TERM
Topical term or geographic name entry element Social sciences
9 (RLIN) 60794
700 ## - ADDED ENTRY--PERSONAL NAME
Personal name INDIA (Government Of)
9 (RLIN) 60795
942 ## - ADDED ENTRY ELEMENTS (KOHA)
Source of classification or shelving scheme Dewey Decimal Classification
Koha item type George Fernandes Collections
Holdings
Withdrawn status Lost status Source of classification or shelving scheme Damaged status Not for loan Collection code Home library Current library Date acquired Total Checkouts Full call number Barcode Date last seen Price effective from Koha item type
    Dewey Decimal Classification     Political Science St Aloysius Library St Aloysius Library 03/23/2013   340 INDR GF01985 11/02/2022 11/02/2022 George Fernandes Collections